| 000 | 01300nam0a2200313 4500 | ||
|---|---|---|---|
| 001 | RU\NLR\bibl\468268 | ||
| 005 | 20250623185654.0 | ||
| 010 |
_a5-7000-0215-9 _950000 |
||
| 035 | _a(NLR Aleph) 000461578 | ||
| 090 |
_a937309 _c937309 |
||
| 100 | _a20031203e19891921|||y0rusy50 ca | ||
| 101 | 0 | _arus | |
| 102 | _aRU | ||
| 105 | _ay ||||||||| | ||
| 200 | 1 |
_aАвтографы _eАндрей Белый, Валерий Брюсов, Рюрик Ивнев, Пимен Карпов, А. Луначарский, Иван Новиков, Матвей Ройзман, Семен Рубанович, Иван Рукавишников, Федор Сологуб, Марина Цветаева, И. Эренбург |
|
| 205 | _aРепр. изд. | ||
| 210 |
_aМ. _cКн. палата _d1989 |
||
| 215 |
_a[16] с. _cфакс. _d26 |
||
| 300 | _aНа тит. л. ориг. изд.: М., 1921 | ||
| 455 | 0 |
_12001#$aАвтографы _1210##$aМ.$d1921 _tАвтографы |
|
| 606 | 0 |
_aРусская литература _xАвтографы _z20 в. _91342001 _3RU\NLR\auth\66244550 |
|
| 686 | _aШ6(2=Р)7-5 | ||
| 686 | _aШ5(2=Р)53,1 | ||
| 801 | 0 |
_aRU _bNLR _c20031203 _gPSBO |
|
| 801 | 1 |
_aRU _bNLR _c20031203 |
|
| 942 | _cBOOK | ||
| 980 | _aNB | ||